<?xml version="1.0" encoding="UTF-8"?>
<record
    xmlns:xsi="http://www.w3.org/2001/XMLSchema-instance"
    xsi:schemaLocation="http://www.loc.gov/MARC21/slim http://www.loc.gov/standards/marcxml/schema/MARC21slim.xsd"
    xmlns="http://www.loc.gov/MARC21/slim">

  <leader>03678nam a2200481 a 4500</leader>
  <controlfield tag="003">CHAP</controlfield>
  <controlfield tag="005">20241122120040.0</controlfield>
  <controlfield tag="007">cr ||||||a|c|a</controlfield>
  <controlfield tag="008">101215s2010    mx      r     00010 spa d</controlfield>
  <datafield tag="035" ind1=" " ind2=" ">
    <subfield code="a">111823</subfield>
  </datafield>
  <datafield tag="040" ind1=" " ind2=" ">
    <subfield code="c">CHAP</subfield>
  </datafield>
  <datafield tag="090" ind1=" " ind2=" ">
    <subfield code="a">Tesis</subfield>
  </datafield>
  <datafield tag="100" ind1="1" ind2=" ">
    <subfield code="a">Rodr&#xED;guez Gonzalez, Jos&#xE9; Andres.</subfield>
    <subfield code="9">98536</subfield>
  </datafield>
  <datafield tag="245" ind1="1" ind2="0">
    <subfield code="a">Proyecto de inverci&#xF3;n para el establecimiento de macrotunetes para la producci&#xF3;n de fresa (Fragar&#xED;a spp.) en Tim&#xED;lpan, M&#xE9;xico</subfield>
    <subfield code="c">/por Jos&#xE9; Andres Rodr&#xED;guez Gonzalez; director de tesis Gloria Virginia Cano Garc&#xED;a.</subfield>
  </datafield>
  <datafield tag="264" ind1=" " ind2="1">
    <subfield code="a">Chapingo, M&#xE9;x. :</subfield>
    <subfield code="b">El autor,</subfield>
    <subfield code="c">2010.</subfield>
  </datafield>
  <datafield tag="300" ind1=" " ind2=" ">
    <subfield code="a">1 recurso en l&#xED;nea (136 p&#xE1;ginas):</subfield>
    <subfield code="b">cuadros, figuras.</subfield>
  </datafield>
  <datafield tag="336" ind1=" " ind2=" ">
    <subfield code="2">rdacontent</subfield>
    <subfield code="a">texto</subfield>
    <subfield code="b">txt</subfield>
  </datafield>
  <datafield tag="337" ind1=" " ind2=" ">
    <subfield code="2">rdamedia</subfield>
    <subfield code="a">computadora</subfield>
    <subfield code="b">c</subfield>
  </datafield>
  <datafield tag="338" ind1=" " ind2=" ">
    <subfield code="2">rdacarrier</subfield>
    <subfield code="a">recursos en l&#xED;nea</subfield>
    <subfield code="b">cr</subfield>
  </datafield>
  <datafield tag="502" ind1=" " ind2=" ">
    <subfield code="b">IAAF</subfield>
    <subfield code="c">Fitotecnia</subfield>
    <subfield code="d">2010.</subfield>
    <subfield code="g">LIC</subfield>
  </datafield>
  <datafield tag="520" ind1=" " ind2=" ">
    <subfield code="a">La ventaja de cultivar fresa en macrot&#xFA;neles es desfasar la producci&#xF3;n cuando la oferta de la fruta disminuye y los precios aumentan. El municipio tiene las condiciones clim&#xE1;ticas para el desarrollo del cultivo, cuenta con una ubicaci&#xF3;n adecuada con respecto a las Centrales de Abasto donde se piensa vender la fruta, para no depender del intermediarismo. El objetivo de la investigaci&#xF3;n es dise&#xF1;ar el proyecto de inversi&#xF3;n para establecer la producci&#xF3;n de fresa en macrot&#xFA;neles en el municipio de Timilp&#xE1;n, Estado de M&#xE9;xico, para abastecer al mercado de este cultivo durante la temporada que no la producen en otros estados. La metodolog&#xED;a consisti&#xF3;: a) en campo se aplicaron 137 encuestas a la poblaci&#xF3;n objetivo y 13 a comercializadores del municipio y Central de Abastos de Toluca; b) en gabinete se captur&#xF3; la informaci&#xF3;n obtenida en el programa EXCEL. La inversi&#xF3;n inicial es de $1&#xB4;956,046.39, considerando una tasa de actualizaci&#xF3;n del 8 %, con un horizonte del proyecto de 5 a&#xF1;os; los indicadores financieros: Valor Actual Neto (VAN) de 14&#xB4;546,582.00; Relaci&#xF3;n Beneficio Costo (B/C) de $4.293, ambos resultan aceptables; la Tasa Interna de Retorno (TIR) es no factible, debido a que los ingresos desde el primer a&#xF1;o son mayores a los egresos lo que garantiza la viabilidad del proyecto. El an&#xE1;lisis de sensibilidad al disminuir los ingresos totales e incrementar los costos totales en 15%, en ambos casos el proyecto es rentable. El impacto ambiental resulta nulo. El beneficio social se reflejar&#xE1; en la mano de obra que ser&#xE1; contratada y la disponibilidad del producto en fresco a precios accesibles al consumidor. Los precios altos y la nula competencia que existe en la zona de estudio demuestran que el proyecto es viable para su puesta en marcha y garantiza el &#xE9;xito del mismo.</subfield>
  </datafield>
  <datafield tag="590" ind1=" " ind2=" ">
    <subfield code="a">ALEPH</subfield>
    <subfield code="b">10</subfield>
    <subfield code="c">20130110</subfield>
  </datafield>
  <datafield tag="590" ind1=" " ind2=" ">
    <subfield code="a">BATCH-UPD</subfield>
    <subfield code="b">10</subfield>
    <subfield code="c">20130110</subfield>
  </datafield>
  <datafield tag="590" ind1=" " ind2=" ">
    <subfield code="a">BATCH-UPD</subfield>
    <subfield code="b">10</subfield>
    <subfield code="c">20130410</subfield>
  </datafield>
  <datafield tag="590" ind1=" " ind2=" ">
    <subfield code="a">BATCH-UPD</subfield>
    <subfield code="b">10</subfield>
    <subfield code="c">20130914</subfield>
  </datafield>
  <datafield tag="590" ind1=" " ind2=" ">
    <subfield code="a">BATCH-UPD</subfield>
    <subfield code="b">10</subfield>
    <subfield code="c">20140324</subfield>
  </datafield>
  <datafield tag="590" ind1=" " ind2=" ">
    <subfield code="a">BATCH-UPD</subfield>
    <subfield code="b">10</subfield>
    <subfield code="c">20141002</subfield>
  </datafield>
  <datafield tag="590" ind1=" " ind2=" ">
    <subfield code="a">CONVERSION</subfield>
    <subfield code="b">10</subfield>
    <subfield code="c">20130109</subfield>
  </datafield>
  <datafield tag="650" ind1="1" ind2="4">
    <subfield code="a">Cultivos en invernadero.</subfield>
    <subfield code="9">30376</subfield>
  </datafield>
  <datafield tag="650" ind1="1" ind2="4">
    <subfield code="a">Cultivos</subfield>
    <subfield code="z">M&#xE9;xico (Edo.).</subfield>
    <subfield code="9">30364</subfield>
  </datafield>
  <datafield tag="650" ind1="1" ind2="4">
    <subfield code="a">Empresas</subfield>
    <subfield code="z">M&#xE9;xico (Edo.).</subfield>
    <subfield code="9">36647</subfield>
  </datafield>
  <datafield tag="650" ind1="1" ind2="4">
    <subfield code="a">Fresa</subfield>
    <subfield code="x">Rendimiento.</subfield>
    <subfield code="9">43232</subfield>
  </datafield>
  <datafield tag="650" ind1="1" ind2="4">
    <subfield code="a">Pl&#xE1;sticos en agricultura.</subfield>
    <subfield code="9">89199</subfield>
  </datafield>
  <datafield tag="650" ind1="1" ind2="4">
    <subfield code="a">Proyectos</subfield>
    <subfield code="x">Financiamiento.</subfield>
    <subfield code="9">92526</subfield>
  </datafield>
  <datafield tag="700" ind1="1" ind2=" ">
    <subfield code="a">Cano Garc&#xED;a, Gloria Virginia</subfield>
    <subfield code="9">162888</subfield>
    <subfield code="e">Director de tesis.</subfield>
  </datafield>
  <datafield tag="856" ind1=" " ind2=" ">
    <subfield code="u">http://10.13.5.2/tesis/111823.pdf</subfield>
    <subfield code="z">DESCARGAR PDF</subfield>
  </datafield>
  <datafield tag="901" ind1=" " ind2=" ">
    <subfield code="a">BK</subfield>
  </datafield>
  <datafield tag="942" ind1=" " ind2=" ">
    <subfield code="c">TD</subfield>
    <subfield code="2">Clasificaci&#xF3;n Universidad Aut&#xF3;noma Chapingo</subfield>
  </datafield>
  <datafield tag="949" ind1=" " ind2=" ">
    <subfield code="a">Tesis</subfield>
    <subfield code="b">BC</subfield>
    <subfield code="c">TES</subfield>
    <subfield code="d">33724002226637</subfield>
    <subfield code="e">TS1</subfield>
    <subfield code="g">Donaci&#xD8;n</subfield>
    <subfield code="h">51640</subfield>
    <subfield code="i">111823</subfield>
    <subfield code="s">b</subfield>
  </datafield>
  <datafield tag="949" ind1=" " ind2=" ">
    <subfield code="a">Tesis</subfield>
    <subfield code="b">BC</subfield>
    <subfield code="c">TES</subfield>
    <subfield code="d">33724002226678</subfield>
    <subfield code="e">TS2</subfield>
    <subfield code="f">c.2</subfield>
    <subfield code="g">Donaci&#xD8;n</subfield>
    <subfield code="h">51641</subfield>
    <subfield code="i">111823</subfield>
    <subfield code="s">b</subfield>
  </datafield>
  <datafield tag="999" ind1=" " ind2=" ">
    <subfield code="c">100165</subfield>
    <subfield code="d">100165</subfield>
  </datafield>
  <datafield tag="952" ind1=" " ind2=" ">
    <subfield code="0">0</subfield>
    <subfield code="1">0</subfield>
    <subfield code="2">local</subfield>
    <subfield code="4">0</subfield>
    <subfield code="5">1</subfield>
    <subfield code="7">0</subfield>
    <subfield code="8">TesDigL</subfield>
    <subfield code="a">BD</subfield>
    <subfield code="b">BD</subfield>
    <subfield code="c">E_L</subfield>
    <subfield code="d">2019-12-31</subfield>
    <subfield code="l">0</subfield>
    <subfield code="o">Tesis digital</subfield>
    <subfield code="r">2019-12-31 00:00:00</subfield>
    <subfield code="w">2019-12-31</subfield>
    <subfield code="y">TD</subfield>
  </datafield>
</record>
